<?xml version="1.0" encoding="UTF-8"?>
<marc:record xmlns:marc="http://www.loc.gov/MARC21/slim">
   <marc:leader>00000nam a2200000 a 4500</marc:leader>
   <marc:datafield ind1="1" ind2=" " tag="100">
      <marc:subfield code="a">Sapienza, Goliarda</marc:subfield>
      <marc:subfield code="4">aut</marc:subfield>
      <marc:subfield code="e">Verfasser/-in</marc:subfield>
   </marc:datafield>
   <marc:datafield ind1=" " ind2=" " tag="653">
      <marc:subfield code="a">Fiktionale Darstellung</marc:subfield>
   </marc:datafield>
   <marc:datafield ind1=" " ind2=" " tag="653">
      <marc:subfield code="a">Erzählende Literatur</marc:subfield>
   </marc:datafield>
   <marc:datafield ind1=" " ind2=" " tag="653">
      <marc:subfield code="a">Rebellion</marc:subfield>
   </marc:datafield>
   <marc:datafield ind1=" " ind2=" " tag="653">
      <marc:subfield code="a">Die Kunst der Freude</marc:subfield>
   </marc:datafield>
   <marc:datafield ind1=" " ind2=" " tag="653">
      <marc:subfield code="a">Gesellschaftsnormen</marc:subfield>
   </marc:datafield>
   <marc:datafield ind1=" " ind2=" " tag="653">
      <marc:subfield code="a">Identifikation</marc:subfield>
   </marc:datafield>
   <marc:datafield ind1=" " ind2=" " tag="653">
      <marc:subfield code="a">Sozialismus</marc:subfield>
   </marc:datafield>
   <marc:datafield ind1=" " ind2=" " tag="653">
      <marc:subfield code="a">Gegenkultur</marc:subfield>
   </marc:datafield>
   <marc:datafield ind1=" " ind2=" " tag="653">
      <marc:subfield code="a">Revolution</marc:subfield>
   </marc:datafield>
   <marc:datafield ind1=" " ind2=" " tag="653">
      <marc:subfield code="a">Catania</marc:subfield>
   </marc:datafield>
   <marc:datafield ind1=" " ind2=" " tag="653">
      <marc:subfield code="a">kompromißlos</marc:subfield>
   </marc:datafield>
   <marc:datafield ind1=" " ind2=" " tag="653">
      <marc:subfield code="a">FBM 2024</marc:subfield>
   </marc:datafield>
   <marc:datafield ind1=" " ind2=" " tag="653">
      <marc:subfield code="a">Gastland Italien</marc:subfield>
   </marc:datafield>
   <marc:datafield ind1="0" ind2="0" tag="245">
      <marc:subfield code="a">Ich, Jean Gabin</marc:subfield>
   </marc:datafield>
   <marc:datafield ind1="0" ind2="0" tag="245">
      <marc:subfield code="b">Roman</marc:subfield>
   </marc:datafield>
   <marc:datafield ind1="0" ind2="0" tag="245">
      <marc:subfield code="c">Sapienza, Goliarda</marc:subfield>
   </marc:datafield>
   <marc:datafield ind1=" " ind2="1" tag="264">
      <marc:subfield code="a">Wiesbaden</marc:subfield>
      <marc:subfield code="b">marix Verlag</marc:subfield>
      <marc:subfield code="c">2024</marc:subfield>
   </marc:datafield>
   <marc:datafield ind1="1" ind2=" " tag="490">
      <marc:subfield code="a">Perlen</marc:subfield>
   </marc:datafield>
   <marc:datafield ind1="1" ind2=" " tag="520">
      <marc:subfield code="a">Kann sich ein kleines Mädchen mit Jean Gabin identifizieren? Ja, wenn dieses Kind Goliarda Sapienza heißt. Die anarchistische Ikone des französischen Kinos wird zum Alter Ego der jungen Goliarda, die seine Filme in- und auswendig kennt. Rebellisch, passioniert, mit einer imaginären Zigarette im Mundwinkel, streift Goliarda durch die Civita von Catania wie Jean Gabin durch die Kasbah von Algier. Arm in Arm mit Jean tritt sie in die vor Leben sprudelnden, verrufenen, lavaschwarzen Gassen ihres Viertels, führt Gespräche mit philosophierenden Prostituierten, Puppenspielern, Jasminhändlern und den steinernen Monstren unter den Balkonen. Jean, der Kavalier, begleitet sie nach Hause, zu ihrer anarchischen Familie: Goliardas Vater, der Anwalt, »von den Armen geliebt, von den Faschisten gehasst, aber von allen gleichermaßen respektiert und gefürchtet«. Ihre prinzipientreue Mutter, die Kämpferin, unter deren Ägide sich das Haus der Sapienzas in einen Ort des Widerstands und der Gegenkultur verwandelt. Und ihre erwachsenen Brüder und Schwestern, alle grundverschieden, aber fest entschlossen, ihre Träume zu verwirklichen. Ich, Jean Gabin erzählt all das über ein paar Tage hinweg. Das mitreißende Buch ist Teil dessen, was Goliarda Sapienza als »Autobiografie der Widersprüche« bezeichnete. Der beherzte, freie Traum vom Sein, den die kleine Goliarda mit ihrem Jean teilt, veranlasst sie schließlich zu der ersten echten Stellungnahme ihres jungen Lebens gegenüber den Normen der Gesellschaft: »Keinen Profit aus der Reduzierung dieses Traums auf eine verkäufliche kleine Geschichte schlagen, keine Kompromisse eingehen.« Der Roman erscheint in der Reihe PERLEN. Bedeutende italienische Schriftstellerinnen des 20. und 21. Jahrhunderts.</marc:subfield>
   </marc:datafield>
   <marc:datafield ind1=" " ind2=" " tag="020">
      <marc:subfield code="a">9783737412377</marc:subfield>
      <marc:subfield code="9">9783737412377</marc:subfield>
   </marc:datafield>
   <marc:datafield ind1=" " ind2=" " tag="020">
      <marc:subfield code="a">3737412375</marc:subfield>
      <marc:subfield code="9">3737412375</marc:subfield>
   </marc:datafield>
   <marc:datafield ind1=" " ind2=" " tag="041">
      <marc:subfield code="a">ger</marc:subfield>
   </marc:datafield>
   <marc:datafield ind1=" " ind2=" " tag="338">
      <marc:subfield code="a">Band</marc:subfield>
   </marc:datafield>
   <marc:datafield ind1=" " ind2=" " tag="300">
      <marc:subfield code="a">166 Seiten</marc:subfield>
   </marc:datafield>
</marc:record>
